[Event "SVK-chT2B 10/11"]
[Site "Slovakia"]
[Date "2011.03.06"]
[Round "9.3"]
[White "Nemeth, Daniel"]
[Black "Budaj, Patrik"]
[Result "1-0"]
[WhiteElo "1960"]
[BlackElo "1744"]
[PlyCount "111"]
[EventDate "2010.10.23"]
[EventType "team-tourn"]
[EventRounds "11"]
[EventCountry "SVK"]
[SourceTitle "EXT 2019"]
[Source "ChessBase"]
[SourceDate "2018.10.10"]
[SourceVersion "1"]
[SourceVersionDate "2018.10.10"]
[SourceQuality "1"]
[WhiteTeam "Nove Zamky Basta II"]
[BlackTeam "Povazska Bystrica SK Sparta II"]
[WhiteTeamCountry "SVK"]
[BlackTeamCountry "SVK"]

1. e4 c5 2. Nc3 Nc6 3. g3 e6 4. Bg2 g6 5. d3 Bg7 6. Be3 Nd4 7. Qd2 Ne7 8. Nd1 d6 9. c3 Ndc6 10. Bh6 0-0 11. h4 f5 12. h5 Qe8 13. Bxg7 Kxg7 14. hxg6 Qxg6 15. Nh3 e5 16. Kf1 h6 17. Ne3 Bd7 18. Re1 Rf6 19. Nd5 Rf7 20. Re3 Rb8 21. f4 Ng8 22. Nf2 b5 23. Bf3 Nf6 24. Nxf6 Qxf6 25. exf5 Qxf5 26. Rh4 b4 27. Ne4 exf4 28. gxf4 d5 29. Nxc5 d4 30. cxd4 Nxd4 31. Qg2+ Kf8 32. Re5 Qf6 33. Nxd7+ Rxd7 34. Rg4 Rg7 35. Bd5 Rc8 36. Bc4 h5 37. Rxg7 Qxf4+ 38. Kg1 Qc1+ 39. Qf1+ Qxf1+ 40. Kxf1 Kxg7 41. Rxh5 Rf8+ 42. Ke1 Re8+ 43. Kd1 Rd8 44. Re5 Kf6 45. Re4 Rd6 46. Kd2 Nc6 47. Ke3 Ne5 48. Rd4 Nxc4+ 49. Rxc4 Rb6 50. Ke4 a5 51. d4 Re6+ 52. Kd3 Re1 53. Rc5 Rd1+ 54. Kc4 Rc1+ 55. Kb3 Rd1 56. Rxa5 1-0

[Event "SVK-chT2B 10/11"]
[Site "Slovakia"]
[Date "2011.02.06"]
[Round "7.1"]
[White "Sopko, Rudolf"]
[Black "Budaj, Patrik"]
[Result "1-0"]
[WhiteElo "1941"]
[BlackElo "1744"]
[PlyCount "107"]
[EventDate "2010.10.23"]
[EventType "team-tourn"]
[EventRounds "11"]
[EventCountry "SVK"]
[SourceTitle "EXT 2019"]
[Source "ChessBase"]
[SourceDate "2018.10.10"]
[SourceVersion "1"]
[SourceVersionDate "2018.10.10"]
[SourceQuality "1"]
[WhiteTeam "Trencin SK II"]
[BlackTeam "Povazska Bystrica SK Sparta II"]
[WhiteTeamCountry "SVK"]
[BlackTeamCountry "SVK"]

1. e4 c5 2. Nf3 e6 3. d4 cxd4 4. Nxd4 Bc5 5. Nb3 Bb6 6. Bd3 Nc6 7. 0-0 Nge7 8. Nc3 0-0 9. Bf4 d6 10. Qf3 f5 11. exf5 Nxf5 12. Qd1 d5 13. Qd2 Qf6 14. Bg5 Qf7 15. a4 h6 16. a5 Bc7 17. Bf4 Bxf4 18. Qxf4 e5 19. Qd2 e4 20. Be2 Qg6 21. Qxd5+ Be6 22. Qxe4 Rae8 23. Qg4 Qf7 24. Qf4 g5 25. Qa4 Nh4 26. Nc5 Kh8 27. Nxe6 Qxe6 28. Qg4 Qe5 29. g3 Ng6 30. Bd3 Kg7 31. Qe4 Qxe4 32. Bxe4 Rf6 33. a6 b6 34. Rad1 Rfe6 35. Bxc6 Rxc6 36. Rd7+ Re7 37. Rfd1 Rce6 38. Kg2 Kf7 39. R1d2 Ne5 40. Rxe7+ Rxe7 41. Re2 Nc4 42. Rxe7+ Kxe7 43. b3 Na3 44. Nd5+ Kd6 45. Nxb6 Nxc2 46. Nc8+ Kc6 47. Nxa7+ Kb6 48. Nc8+ Kxa6 49. Ne7 Nd4 50. Ng8 Nxb3 51. Nxh6 Nc5 52. Nf7 Ne6 53. Kf3 Kb6 54. Kg4 1-0

[Event "SVK-chT2B 10/11"]
[Site "Slovakia"]
[Date "2010.12.04"]
[Round "3.3"]
[White "Budaj, Patrik"]
[Black "Szaraz, Vojtech"]
[Result "1/2-1/2"]
[WhiteElo "1744"]
[BlackElo "1958"]
[PlyCount "51"]
[EventDate "2010.10.23"]
[EventType "team-tourn"]
[EventRounds "11"]
[EventCountry "SVK"]
[SourceTitle "EXT 2019"]
[Source "ChessBase"]
[SourceDate "2018.10.10"]
[SourceVersion "1"]
[SourceVersionDate "2018.10.10"]
[SourceQuality "1"]
[WhiteTeam "Povazska Bystrica SK Sparta II"]
[BlackTeam "Batorove Kosihy"]
[WhiteTeamCountry "SVK"]
[BlackTeamCountry "SVK"]

1. e4 Nf6 2. Nc3 e5 3. f4 d5 4. fxe5 Nxe4 5. Qf3 Nxc3 6. bxc3 Nc6 7. d4 Be7 8. Bd3 0-0 9. Ne2 Bg5 10. Nf4 f6 11. Qh5 Bh6 12. e6 f5 13. 0-0 Bxf4 14. Rxf4 g6 15. Qh6 Bxe6 16. Ba3 Rf7 17. Re1 Qd7 18. Qg5 Re8 19. Rb1 Qd8 20. Qg3 Bc8 21. Rf2 Rf6 22. Re2 Rxe2 23. Bxe2 Re6 24. Bd3 Qe8 25. Kf2 Kh8 26. Qxc7 1/2-1/2

[Event "SVK-chT2B 0607"]
[Site "Slovakia"]
[Date "2006.10.15"]
[Round "2.6"]
[White "Szaraz, Bela"]
[Black "Budaj, Patrik"]
[Result "1-0"]
[WhiteElo "2065"]
[BlackElo "1564"]
[PlyCount "33"]
[EventDate "2006.10.14"]
[EventType "team-tourn"]
[EventRounds "11"]
[EventCountry "SVK"]
[SourceTitle "EXT 2008"]
[Source "ChessBase"]
[SourceDate "2007.11.25"]
[SourceVersion "1"]
[SourceVersionDate "2007.11.25"]
[SourceQuality "1"]
[WhiteTeam "Batorove Kosihy"]
[BlackTeam "Povazska Bystrica"]
[WhiteTeamCountry "SVK"]
[BlackTeamCountry "SVK"]

1. d4 Nf6 2. c4 g6 3. Nc3 Bg7 4. e4 d6 5. f3 0-0 6. Be3 Nc6 7. Qd2 e5 8. d5 Ne7 9. Bh6 a6 10. Bxg7 Kxg7 11. h4 c6 12. Nge2 cxd5 13. exd5 Bd7 14. h5 Nxh5 15. g4 Nf6 16. Qh6+ Kg8 17. Ne4 1-0